| 000 | 00715nam a2200217Ia 4500 | ||
|---|---|---|---|
| 999 |
_c36179 _d36179 |
||
| 001 | 2081 | ||
| 003 | GE_BSU | ||
| 005 | 20221021111859.0 | ||
| 008 | 181216s1983ru xx |||||||||||||| ||rus|| | ||
| 040 | _cGE_BSU | ||
| 041 | _arus | ||
| 080 | _a09 А-62 | ||
| 100 |
_aАмусин,И.Д. _915390 |
||
| 245 |
_aКумранская община / _cИ.Д. Амусин, Отв.ред.И.М.Дьяконов. |
||
| 264 |
_aМосква : _bНаука, _c1983. |
||
| 300 |
_a327стр.: _b22 см. |
||
| 653 | _aкумранская община | ||
| 653 | _aკუმრანის საზოგადოება | ||
| 700 |
_aДьяконов, И.М. _eრედაქტორი _915414 |
||
| 942 |
_cBK _2udc |
||